Séropozitivita proti Chlamydophila pneumoniae asociuje so zvýšenou karbonyláciou proteínov u pacientiek po kardiovaskulárnej príhode

Bibliographic Details
Main Authors: Teren, A. (Author), Lietava, Ján, 1958- (Author), Čaprnda, Martin, 1976- (Author), Kováčová, Elena, 1940- (Author), Kazár, Ján, 1939-2021 (Author), Blažíček, Pavel, 1942- (Author), Dukát, Andrej, 1950- (Author), Atalay, M. (Author), Hanninen, O. (Author)
Corporate Author: Dny mladých internistů (Author)
Format: Conference Proceeding Article
Language:Slovak
PhysicalDescription:Tab.
ISSN:0042-773X
Subjects:

MARC

LEADER 00000nab a2200000 a 4500
001 vtls008415525
003 SK-MaSNL
005 20260303070009.0
008 141122c2005 xo 0 slo
015 |a SNBCL2005/5 
035 |a SLK033701 
040 |a SLKCL  |b slo  |c SNKBUCL  |e AACR2 
041 1 |a slo 
044 |a xo  |c SK 
080 |a 616.127-005.4:579.88:061.3  |2 1981 
245 0 0 |a Séropozitivita proti Chlamydophila pneumoniae asociuje so zvýšenou karbonyláciou proteínov u pacientiek po kardiovaskulárnej príhode  |c A. Teren ... [et al.] 
300 |b Tab. 
650 0 7 |a Chlamydophila pneumoniae  |x klasifikácia  |2 MESH  |9 1066823 
650 0 7 |a ischémia myokardu  |x komplikácie  |2 MESH  |9 1066824 
650 0 7 |a faktory rizikové  |2 MESH  |9 838956 
650 0 7 |a abstrakty z kongresu  |2 MESH  |9 168204 
700 1 |a Teren, A.  |4 aut  |9 862836 
700 1 |a Lietava, Ján,  |d 1958-  |4 aut  |9 5263 
700 1 |a Čaprnda, Martin,  |d 1976-  |4 aut  |9 164403 
700 1 |a Kováčová, Elena,  |d 1940-  |4 aut  |9 39836 
700 1 |a Kazár, Ján,  |d 1939-2021  |4 aut  |9 218140 
700 1 |a Blažíček, Pavel,  |d 1942-  |4 aut  |9 178661 
700 1 |a Dukát, Andrej,  |d 1950-  |4 aut  |9 194267 
700 1 |a Atalay, M.  |4 aut  |9 1066825 
700 1 |a Hanninen, O.  |4 aut  |9 1066826 
711 1 |a Dny mladých internistů  |n (24. :  |d 2005 :  |c Olomouc, Česko)  |4 aut  |9 82565 
773 0 |t Vnitřní lékařství  |g Roč. 51, č. 5 (2005), s. 611-612  |x 0042-773X 
850 |a Slovenská lekárska knižnica v Bratislave  |a BA006 
852 |a BA006  |b KIS3GCP  |b 000500000 
999 |c 1753546  |d 1755476